| 000 | 00552nam a2200205Ia 4500 | ||
|---|---|---|---|
| 008 | 210210b2013 xxu||||| |||| 00| 0 eng d | ||
| 020 | _a9788190656672 | ||
| 041 | _aeng | ||
| 082 | _a576.15 MOHT | ||
| 100 | _aMOHAPATRA (Pradipta K) | ||
| 245 | _aTextbook of environmental microbiology | ||
| 260 |
_aNew Delhi _bI K International Publishing House Pvt. Ltd. _c2013 |
||
| 300 | _axii,533 | ||
| 650 | _aTextbook | ||
| 650 | _aof | ||
| 650 | _amicrobiology | ||
| 650 | _aenvironmental | ||
| 690 | _aEnvironmental Microbiology | ||
| 906 | _a069233 | ||
| 999 |
_c153340 _d153340 |
||